| 000 | 00347nam a2200133Ia 4500 | ||
|---|---|---|---|
| 008 | 210430s9999 xx 000 0 und d | ||
| 082 | _a354.41 B223P | ||
| 100 |
_aMichael P. Barber _954543 |
||
| 245 |
_aPublic Administration / _cMichael P. Barber |
||
| 250 | _a3rd edition | ||
| 260 | _bMacdonald and Evans | ||
| 300 | _a245 | ||
| 942 |
_cBK _2ddc |
||
| 999 |
_c565163 _d565163 |
||